A dictionary of Japanese artists : (Record no. 17166)

000 -LEADER
fixed length control field 00995cam a22001818i 4500
020 ## - INTERNATIONAL STANDARD BOOK NUMBER
ISBN 0834801132
040 ## - CATALOGING SOURCE
Transcribing agency DLC
082 ## - DEWEY DECIMAL CLASSIFICATION NUMBER
Classification number 709 WEA 1976 A111 Or.
-- B
100 1# - MAIN ENTRY--AUTHOR NAME
Personal name Roberts, Laurance P
245 12 - TITLE STATEMENT
Title A dictionary of Japanese artists :
Remainder of title painting, sculpture, ceramics, prints, lacquer /
250 ## - EDITION STATEMENT
Edition statement 1st ed
260 ## - PUBLICATION, DISTRIBUTION, ETC. (IMPRINT)
Place of publication Tokyo ;
-- New York :
Name of publisher Weatherhill,
Year of publication 1976
300 ## - PHYSICAL DESCRIPTION
Number of Pages xi, 299 p.
Dimensions 27cm
500 ## - GENERAL NOTE
General note Includes index
520 1# - SUMMARY, ETC.
Summary, etc Geared toward the western reader, this rather concise biographical dictionary covers artists who died before 1972. Artists are listed alphabetically by western names, but entries do provide their corresonding characters and alternate names. The entries also include a list of museum collections that house works by the artist, in addition to short bibliographies. Finally, there is a brief glossary, an index of alternate names and a character index. [Review, Oberlin Art Library Staff, BQP 8/23/01, MJR 2/15/02]
650 #0 - SUBJECT ADDED ENTRY--TOPICAL TERM
Topical Term Artists
942 ## - ADDED ENTRY ELEMENTS (KOHA)
Koha item type សៀវភៅភាសាអង់គ្លេស
952 ## - LOCATION AND ITEM INFORMATION (KOHA)
Withdrawn status [LOCAL, KOHA] 0
Holdings
Permanent Location Date acquired Koha item type Lost status Shelving location Barcode Current Location Full call number
Library Block A2018-08-15សៀវភៅភាសាអង់គ្លេស A111A13463Library Block A709 WEA 1976 A111 Or.
មជ្ឈមណ្ឌលឯការនៃសាកលវិទ្យាល័យភូមិន្ទកសិកម្មចំការដូង

Powered by Koha